La asamblea de la OEA en Pánama y la energía del desarrollo sostenible de las Américas /

Sábháilte in:
Sonraí bibleagrafaíochta
Príomhchruthaitheoir: Ardito Barletta, Nicolás
Formáid: Téacs
Ábhair:
Clibeanna: Cuir clib leis
Níl clibeanna ann, Bí ar an gcéad duine le clib a chur leis an taifead seo!

MARC

LEADER 00000 a a2200000 04500
001 9420
003
040
100 |a Ardito Barletta, Nicolás  
245 |a La asamblea de la OEA en Pánama y la energía del desarrollo sostenible de las Américas /  |c Nicolás Ardito Barletta 
650 |a ENERGIA  
650 |a ELECTRIFICACION RURAL  
650 |a DESARROLLO SOSTENIBLE  
650 |a INTEGRACION REGIONAL  
650 |a COOPERACION INTERNACIONAL  
650 |a AMERICA LATINA  
773 |g número 471 -472; páginas 65-72  
999 |c 35624  |d 35624